000 00551nam a2200217Ia 4500
003 OSt
005 20221007074722.0
006 a|||||r|||| 00| 0
007 ta
008 221006b |||||||| |||| 00| 0 eng d
024 _a21,014
037 _cTextual
040 _aFLL
_cFLL
_beng
041 _2eng
_aeng
082 _aXM55:Z2, P4.3
100 _aRamaiya A.
245 0 _aCompanies act
260 _aNagpur
_bWadhwa and Company India
_c2004
942 _hXM55:Z2, P4.3
_cTEXL
_2CC
999 _c1153425
_d1153425